000 00663cam a2200217 a 4500
001 11979752
005 20180223084407.0
008 000419s2001 njua 000 0 eng
010 _a 00032413
020 _a0130872059
040 _aDLC
_cDLC
_dDLC
041 _aeng
080 _a540
082 0 0 _a540 MUR
_221
100 1 _a12
101 _aKIM
245 1 0 _aChemistry /
_cJohn McMurry, Robert C. Fay.
906 _a7
_bcbc
_corignew
_d1
_eocip
_f20
_gy-gencatlg
942 _2ddc
_cBK
999 _c43325
_d43325